000
00318nam a2200133Ia 4500
008
240624s9999 xx 000 0 und d
041
_a
eng
082
_a
300.72 RAO
100
_a
RAO VITHALA R
245
_a
APPLIED CONJOINT ANALYSIS
260
_c
2014
_a
New Delhi
_b
Springer
300
_a
389 : p.
365
_c
ERU
_b
28
999
_c
23960
_d
23960